Manchester United Top 30 EPL Youngest Debutants Quiz Stats

 Plays Quiz not verified by Sporcle

Challenge
Share
Tweet
Embed
Score 0/30 Timer 08:00
0 Plays Today
Position, Nationality Answer % Correct
MF, WalesRyan Giggs
96.6%
ST, ItalyFederico Macheda
90.4%
DF, EnglandGary Neville
88.8%
DF, EnglandPhil Neville
88.8%
DF, BrazilRafael
88.7%
MF, PortugalCristiano Ronaldo
86.5%
DF, BrazilFabio
85.9%
MF, EnglandNicky Butt
85.4%
DF, SpainGerard Pique
82.2%
ST, EnglandDanny Welbeck
81.2%
MF, BelgiumAdnan Januzaj
78.1%
ST, ItalyGiuseppe Rossi
78.1%
ST, EnglandWayne Rooney
76.8%
ST, EnglandJames Wilson
71%
DF, EnglandWes Brown
66.8%
Position, Nationality Answer % Correct
MF, FrancePaul Pogba
56.2%
DF, USAJonathan Spector
50.6%
ST, EnglandWill Keane
44.2%
DF, EnglandLuke Shaw
43.3%
DF, GibraltarDanny Higginbotham
43.1%
MF, BrazilAndreas Pereira
41.8%
DF, EnglandCameron Borthwick-Jackson
33.4%
DF/MF, EnglandKieran Richardson
31.3%
MF, EnglandNick Powell
28.8%
MF, SwedenBojan Djordjic
21.7%
DF, EnglandJohn Curtis
15.7%
MF, EnglandTerry Cooke
14.1%
MF, EnglandKieran Lee
10.4%
MF/ST, EnglandBen Thornley
10.2%
MF, EnglandZeki Fryers
3.2%

You're not logged in!

Compare scores with friends on all Sporcle quizzes.
Join for Free
OR
Log In

You Might Also Like...

Show Comments

Extras

Top Quizzes Today


Score Distribution

Your Account Isn't Verified!

In order to create a playlist on Sporcle, you need to verify the email address you used during registration. Go to your Sporcle Settings to finish the process.

Report this User

Report this user for behavior that violates our Community Guidelines.

Details: